Fußball: Die schlechtesten Saisons nach einer Bundesliga-Meisterschaft - Statistiken

Allgemein
  • Dieses Quiz wurde 213 mal gespielt
  • Das Durchschnittsergebnis liegt bei 7 aus 10
Antwortstatistiken
Saison Platz Verein % Korrekt
2007/08 6. VfB Stuttgart
86%
2009/10 8. VfL Wolfsburg
84%
1994/95 6. Bayern München
79%
1974/75 10. Bayern München
71%
1978/79 6. 1. FC Köln
70%
1968/69 17.↓ 1. FC Nürnberg
70%
1993/94 8. Werder Bremen
66%
1967/68 9. Eintracht Braunschweig
58%
1992/93 7. VfB Stuttgart
58%
1984/85 10. VfB Stuttgart
54%
Keine übereinstimmenden Quizze gefunden
Verteilung der Resultate
Anzahl Personen mit jedem Resultat
Perzentil nach korrekt beantworteten Fragen
Ihre Resultats-Entwicklung
Sie haben dieses Quiz noch nicht gespielt